000 00583nam a22001697a 4500
003 BD-DhUL
005 20190715094458.0
008 190715s1942 ii ||||| |||| 00| 0 urd d
040 _aBD-DhUL
_cBD-DhUL
082 _a891.5509
_bABA
100 0 _aعبد اﷲ ایم. اے
245 1 0 _aادبیات فارسی میں ہندووں کا حصہ /
_cعبد اﷲ ایم. اے
260 _aدھلی :
_bانجمن تر قی اردو ہند،
_c۱۹۴۲۔
300 _aص۔ مختلف صافت ؛
_c۲۰ سم۔
650 4 _aUrdu literatire - History and criticism
942 _2ddc
_cBK
999 _c248758
_d248758